| 000 | 00000nam##2200000za#4500 |
| 001 | 9.687585 |
| 003 | CaOODSP |
| 005 | 20210624231036 |
| 007 | cr ||||||||||| |
| 008 | 150407|2005||||xxc|||||o f|0| 0 eng|d |
| 020 | |a0-662-40748-2 |
| 040 | |aCaOODSP|beng |
| 043 | |an-cn--- |
| 086 | 1 |aIu44-21/2005E-PDF |
| 110 | 1 |aCanada. |bIndustry Canada. |
| 245 | 10|aSupply-chain capabilities in the Canadian wind power industry |h[electronic resource] |
| 260 | |aOttawa - Ontario : |bIndustry Canada |cNovember 2004. |
| 300 | |a78p.|bcoloured figs., graphs, tables, photographs |
| 500 | |aThe catalogue number (Iu44-21/2005E) and ISBN (0-662-39833-5) for the print edition have been incorrectly copied in this electronic publication. |
| 504 | |aBibliography. |
| 590 | |a12-20-Supp|b2012-05-09 |
| 690 | 07|aWind energy|2gcpds |
| 775 | 08|tCapacités de la chaîne d'approvisionnement de l'industrie canadienne de l'énergie éolienne |w(CaOODSP)9.632030 |
| 856 | 40|ahttp://publications.gc.ca|qPDF|s508 KB|uhttps://publications.gc.ca/collections/collection_2012/ic/Iu44-21-2005-eng.pdf |
| 986 | |a54275E |